000 00363nam a22001457a 4500
005 20170802105846.0
008 170802b xxu||||| |||| 00| 0 eng d
040 _cPK-LaUMT
082 _aZIAC 297
_bMAQ-M
100 _aMaqsood Jafri
245 _aMessage of Islam/
_cMaqsood Jafri
260 _aRawalpindi:
_bSigma press,
_c1996
300 _a107 p.
942 _cBK
999 _c96223
_d96223